00539cam a22002171 4500001001300000003000400013005001700017008004100034010001700075025001900092035002000111040002100131042001200152050002100164100002300185245002600208260001100234300004300245500001600288999001700304sa 65009196 DLC20260227112200.0940426s1964 ii 000 1 benr  asa 65009196  aPL480:EP-B-913 a(OCoLC)30334193 aDLCcCUdCUdDLC apremarc00aPK1718.A365bA631 aAhmad, Reyazuddin.10aAcenā-bāndhabī. c[1964] a79 p. (p.74-79 advertisements)c19 cm. aIn Bengali. c66068d66068